Statistics for Boston Celtics Nicknames

Click here to take the quiz!

General Stats

  • This quiz has been taken 164 times
  • The average score is 8 of 11

Answer Stats

Nickname Player % Correct
Larry LegendLarry Bird
99%
Uncle DrewKyrie Irving
97%
KGKevin Garnett
97%
The TruthPaul Pierce
91%
Big BabyGlen Davis
79%
The White MambaBrian Scalabrine
68%
TinyNate Archibald
63%
The Houdini of the HardwoodBob Cousy
58%
HondoJohn Havlicek
56%
The ChiefRobert Parrish
55%
The Black HoleKevin McHale
45%

Score Distribution

Percentile by Number Answered

Percent of People with Each Score

Your Score History

You have not taken this quiz